000 00730nam a2200289Ia 4500
005 20260324140140.0
008 008 260324s9999 xx 000 0 eng d
020 _a9781315838342
037 _aEBOOK
040 _aCRL
040 _beng
040 _cCRL
041 _2eng
041 _aeng
084 _qCRL
100 _aDavid Simon; Anders Narman
_91203311
245 0 _aDevelopment as Theory and Practice
245 0 _bCurrent Perspectives on Development and Development Co-operation
260 _bTaylor and Francis
260 _c1999
365 _a
365 _b280
856 _uhttp://www.taylorfrancis.com/books/9781315838342
942 _cEBOOK
999 _c1805060
_d1805060